[Event "SVK-chT2C 2223"]
[Site "Slovakia"]
[Date "2022.10.08"]
[Round "1.1"]
[White "Szamos, Alexander"]
[Black "Straka, Jozef1111"]
[Result "0-1"]
[WhiteElo "2139"]
[BlackElo "2322"]
[PlyCount "80"]
[EventDate "2022.10.08"]
[EventType "team-tourn"]
[EventRounds "11"]
[EventCountry "SVK"]
[SourceTitle "CBM 210 Extra"]
[Source "ChessBase"]
[SourceDate "2022.11.30"]
[SourceVersion "1"]
[SourceVersionDate "2022.11.30"]
[SourceQuality "1"]
[WhiteTeam "Filakovo"]
[BlackTeam "Cadca Caissa II"]
[WhiteTeamCountry "SVK"]
[BlackTeamCountry "SVK"]

1. d4 Nf6 2. c4 e6 3. Nc3 Bb4 4. Qc2 d5 5. a3 Be7 6. Nf3 c6 7. e4 dxe4 8. Nxe4 Nbd7 9. Be2 b6 10. Bf4 Nxe4 11. Qxe4 Bb7 12. 0-0 0-0 13. Rfd1 Qc8 14. Rac1 c5 15. Qe3 Bf6 16. dxc5 Bxb2 17. Rc2 Bf6 18. cxb6 axb6 19. Rcd2 Nc5 20. Rd6 Ra6 21. Be5 Be7 22. R6d4 f6 23. Bd6 Bxd6 24. Rxd6 Qa8 25. Qd4 e5 26. Qb2 Rxa3 27. Qxb6 Na4 28. Qc7 Nc3 29. Rd7 Nxe2+ 30. Kf1 Be4 31. Rxg7+ Kh8 32. Rdd7 Ra1+ 33. Kxe2 Qa2+ 34. Nd2 Qc2 35. Rxh7+ Bxh7 36. Qd6 Raa8 37. Qe7 Qg6 38. g3 Bg8 39. c5 Rf7 40. Qd6 Qg4+ 0-1

[Event "SVK-chT2C 1920"]
[Site "Slovakia"]
[Date "2019.12.14"]
[Round "5.2"]
[White "Szamos, Alexander"]
[Black "Lukac, Roman"]
[Result "1/2-1/2"]
[WhiteElo "2135"]
[BlackElo "2098"]
[PlyCount "67"]
[EventDate "2019.10.26"]
[EventType "team-tourn"]
[EventRounds "11"]
[EventCountry "SVK"]
[SourceTitle "CBM 194 Extra"]
[Source "ChessBase"]
[SourceDate "2020.03.31"]
[SourceVersion "1"]
[SourceVersionDate "2020.03.31"]
[SourceQuality "1"]
[WhiteTeam "Filakovo"]
[BlackTeam "Detva"]
[WhiteTeamCountry "SVK"]
[BlackTeamCountry "SVK"]

1. Nf3 Nf6 2. c4 g6 3. Nc3 Bg7 4. d4 0-0 5. e4 d6 6. Be2 e5 7. 0-0 Nc6 8. d5 Ne7 9. b4 Nd7 10. a4 h6 11. Ba3 f5 12. Nd2 Nf6 13. f3 Rf7 14. c5 Bf8 15. Nc4 g5 16. Rc1 Ng6 17. g3 f4 18. g4 h5 19. h3 Rh7 20. Rc2 Be7 21. Kf2 Qf8 22. Nb5 dxc5 23. Nxc7 cxb4 24. d6 hxg4 25. hxg4 Rh2+ 26. Ke1 bxa3 27. Nxa8 Bd8 28. Nc7 Bd7 29. Nxa3 Kg7 30. Bb5 Rxc2 31. Nxc2 Qf7 32. Nd5 Ba5+ 33. Ke2 Nxe4 34. Bxd7 1/2-1/2

[Event "SVK-chT2C 1920"]
[Site "Slovakia"]
[Date "2019.10.27"]
[Round "2.4"]
[White "Madar, Martin"]
[Black "Szamos, Alexander"]
[Result "1/2-1/2"]
[WhiteElo "2041"]
[BlackElo "2129"]
[PlyCount "120"]
[EventDate "2019.10.26"]
[EventType "team-tourn"]
[EventRounds "11"]
[EventCountry "SVK"]
[SourceTitle "CBM 193 Extra"]
[Source "ChessBase"]
[SourceDate "2020.01.31"]
[SourceVersion "1"]
[SourceVersionDate "2020.01.31"]
[SourceQuality "1"]
[WhiteTeam "Ondrasova Krivan"]
[BlackTeam "Filakovo"]
[WhiteTeamCountry "SVK"]
[BlackTeamCountry "SVK"]

1. e4 c6 2. d4 d5 3. e5 c5 4. c3 Nc6 5. Nf3 Bg4 6. dxc5 Bxf3 7. Qxf3 Nxe5 8. Bb5+ Nc6 9. 0-0 Nf6 10. Nd2 e6 11. Nb3 Ne4 12. Nd4 Rc8 13. b4 Be7 14. Nxc6 bxc6 15. Ba6 Rc7 16. Bf4 Rd7 17. b5 Nxc5 18. bxc6 Nxa6 19. cxd7+ Qxd7 20. c4 Nb4 21. Rfd1 0-0 22. a3 Nc2 23. Ra2 Qa4 24. cxd5 exd5 25. Be5 Rc8 26. Qxd5 Nxa3 27. Bd6 Rd8 28. Rxa3 Qxa3 29. Bxa3 Rxd5 30. Rxd5 Bxa3 31. Ra5 Bd6 32. Rxa7 g6 33. Rd7 Be5 34. g3 h5 35. Kg2 Kg7 36. f4 Bc3 37. Kf3 Bb2 38. h3 Bc3 39. Ke4 Bb2 40. g4 hxg4 41. hxg4 Bc3 42. Rd6 Bb2 43. f5 Kh6 44. fxg6 fxg6 45. Rd5 Bc1 46. Kd4 Bb2+ 47. Kc5 Kg7 48. g5 Kf7 49. Kd6 Ba3+ 50. Kd7 Bc1 51. Rb5 Bf4 52. Rd5 Bc1 53. Kd6 Bf4+ 54. Kc5 Be3+ 55. Kc4 Ke6 56. Rb5 Bd2 57. Kd3 Bc1 58. Ke4 Bd2 59. Rb6+ Kf7 60. Kf3 Bc1 1/2-1/2

[Event "SVK-chT2C 1920"]
[Site "Slovakia"]
[Date "2019.10.26"]
[Round "1.4"]
[White "Szamos, Alexander"]
[Black "Brnusak, Tomas"]
[Result "0-1"]
[WhiteElo "2129"]
[BlackElo "2044"]
[PlyCount "88"]
[EventDate "2019.10.26"]
[EventType "team-tourn"]
[EventRounds "11"]
[EventCountry "SVK"]
[SourceTitle "CBM 193 Extra"]
[Source "ChessBase"]
[SourceDate "2020.01.31"]
[SourceVersion "1"]
[SourceVersionDate "2020.01.31"]
[SourceQuality "1"]
[WhiteTeam "Filakovo"]
[BlackTeam "Liptov Chess School III"]
[WhiteTeamCountry "SVK"]
[BlackTeamCountry "SVK"]

1. Nf3 Nf6 2. c4 g6 3. Nc3 Bg7 4. g3 0-0 5. Bg2 d6 6. 0-0 Nc6 7. d4 a6 8. h3 e5 9. d5 Ne7 10. e4 Ne8 11. Ne1 f5 12. f3 Nf6 13. Be3 Nh5 14. Bf2 fxe4 15. fxe4 Bd7 16. Nd3 Qc8 17. Kh2 Kh8 18. c5 Ng8 19. Rc1 Bh6 20. Rc2 Qd8 21. Bf3 Ngf6 22. b4 Qe8 23. Bg2 g5 24. Be3 Qg6 25. Qc1 Rg8 26. Nb2 Nf4 27. Rcf2 Qh5 28. Kg1 Bxh3 29. Qd1 Bxg2 30. Qxh5 N6xh5 31. Rxg2 Nxg2 32. Kxg2 Rgf8 33. Rh1 Nf6 34. Rc1 Ng4 35. Bg1 Rf6 36. Nc4 Bf8 37. Na5 dxc5 38. bxc5 b6 39. cxb6 cxb6 40. Nc6 Bc5 41. Na4 Bxg1 42. Kxg1 Raf8 43. Nxb6 Rf2 44. Nd7 R8f3 0-1

[Event "SVK-chT2C 1617"]
[Site "Slovakia"]
[Date "2017.01.21"]
[Round "7.2"]
[White "Haring, Viktor"]
[Black "Szamos, Alexander"]
[Result "1/2-1/2"]
[WhiteElo "2150"]
[BlackElo "2143"]
[PlyCount "91"]
[EventDate "2016.10.08"]
[EventType "team-tourn"]
[EventRounds "11"]
[EventCountry "SVK"]
[SourceTitle "EXT 2018"]
[Source "ChessBase"]
[SourceDate "2017.10.13"]
[SourceVersion "1"]
[SourceVersionDate "2017.10.13"]
[SourceQuality "1"]
[WhiteTeam "Banska Bystrica Kurta"]
[BlackTeam "Filakovo"]
[WhiteTeamCountry "SVK"]
[BlackTeamCountry "SVK"]

1. e4 e5 2. Nf3 Nc6 3. Bb5 a6 4. Ba4 d6 5. d4 b5 6. Bb3 exd4 7. Bd5 Bb7 8. Nxd4 Qd7 9. Nc3 Nf6 10. Bg5 Be7 11. Bxc6 Bxc6 12. 0-0 0-0 13. Re1 Rfe8 14. Nxc6 Qxc6 15. Qd4 Rab8 16. h3 h6 17. Bh4 Qc4 18. Qxc4 bxc4 19. Rab1 Rb7 20. e5 dxe5 21. Rxe5 Kf8 22. b3 Bd6 23. Rxe8+ Nxe8 24. Ne4 cxb3 25. axb3 Rb4 26. Nxd6 Nxd6 27. Bg3 Ke7 28. Ra1 Rb6 29. Be5 g6 30. Bd4 Rc6 31. c4 Nf5 32. Be5 Kd7 33. Kf1 Rb6 34. Ra3 c5 35. Ra5 Kc6 36. Ke2 Nd4+ 37. Bxd4 cxd4 38. Ra3 Kc5 39. Kd3 Kb4 40. Ra1 Rd6 41. Rc1 Kc5 42. Re1 Rb6 43. Re5+ Kc6 44. Re7 Rxb3+ 45. Kxd4 Rb7 46. Re8 1/2-1/2

[Event "SVK-chT2C 1617"]
[Site "Slovakia"]
[Date "2016.12.03"]
[Round "5.3"]
[White "Sahidi, Samir"]
[Black "Szamos, Alexander"]
[Result "1/2-1/2"]
[WhiteElo "2239"]
[BlackElo "2143"]
[PlyCount "108"]
[EventDate "2016.10.08"]
[EventType "team-tourn"]
[EventRounds "11"]
[EventCountry "SVK"]
[SourceTitle "EXT 2018"]
[Source "ChessBase"]
[SourceDate "2017.10.13"]
[SourceVersion "1"]
[SourceVersionDate "2017.10.13"]
[SourceQuality "1"]
[WhiteTeam "Cebovce"]
[BlackTeam "Filakovo"]
[WhiteTeamCountry "SVK"]
[BlackTeamCountry "SVK"]

1. Nf3 Nf6 2. c4 c5 3. Nc3 Nc6 4. g3 g6 5. Bg2 Bg7 6. 0-0 0-0 7. d3 d6 8. Rb1 h6 9. a3 a5 10. Ne1 e6 11. Be3 Qe7 12. Nc2 Rd8 13. Na4 Ra6 14. h3 Bd7 15. Nc3 d5 16. cxd5 exd5 17. d4 Bf5 18. Nb5 Rb6 19. a4 Nb4 20. Nxb4 Bxb1 21. dxc5 Re6 22. Bf4 Qxc5 23. Nd3 Bxd3 24. Qxd3 Qc4 25. Qxc4 dxc4 26. Na3 Rxe2 27. Nxc4 Rd4 28. b3 Nd5 29. Bd6 b6 30. Rc1 Re6 31. Bb8 Nc3 32. Kh2 Ne4 33. Bxe4 Rdxe4 34. g4 Bd4 35. Kg2 Re1 36. Rxe1 Rxe1 37. Bf4 Rb1 38. Nd2 Rb2 39. Kf3 Bc3 40. Nc4 Rxb3 41. Ke4 g5 42. Be3 Rb4 43. Kd3 Bf6 44. Bxb6 Rxa4 45. Bxa5 Ra1 46. Bc7 Rh1 47. Bg3 Rxh3 48. Ne3 Rh1 49. Ke4 Rb1 50. Nd5 Kg7 51. f4 gxf4 52. Nxf4 Bg5 53. Nd3 f6 54. Bf2 Rb5 1/2-1/2

[Event "SVK-chT2C 1617"]
[Site "Slovakia"]
[Date "2016.10.09"]
[Round "2.2"]
[White "Milcova, Zuzana"]
[Black "Szamos, Alexander"]
[Result "1-0"]
[WhiteElo "2017"]
[BlackElo "2143"]
[PlyCount "59"]
[EventDate "2016.10.08"]
[EventType "team-tourn"]
[EventRounds "11"]
[EventCountry "SVK"]
[SourceTitle "CBM 175 Extra"]
[Source "ChessBase"]
[SourceDate "2016.12.12"]
[SourceVersion "1"]
[SourceVersionDate "2016.12.12"]
[SourceQuality "1"]
[WhiteTeam "Martin Medea"]
[BlackTeam "Filakovo"]
[WhiteTeamCountry "SVK"]
[BlackTeamCountry "SVK"]

1. c4 Nf6 2. Nc3 d6 3. d4 g6 4. e4 Bg7 5. Nf3 c6 6. h3 Qc7 7. Be3 Nbd7 8. Be2 0-0 9. 0-0 e5 10. Qd2 Re8 11. dxe5 dxe5 12. b4 Nf8 13. Rfd1 Be6 14. Bc5 N6d7 15. Bd6 Qc8 16. c5 h6 17. b5 f5 18. bxc6 bxc6 19. Qc2 fxe4 20. Nxe4 Bf5 21. Nh4 Ne6 22. Bc4 Kh7 23. Nxf5 gxf5 24. Ng3 Nd4 25. Rxd4 exd4 26. Nxf5 Kh8 27. Nxg7 Kxg7 28. Qd3 Ne5 29. Qxd4 Qf5 30. f4 1-0

[Event "SVK-chT2C 1516"]
[Site "Slovakia"]
[Date "2015.11.08"]
[Round "4.2"]
[White "Jacko, Vladimir"]
[Black "Szamos, Alexander"]
[Result "1-0"]
[WhiteElo "2321"]
[BlackElo "2147"]
[PlyCount "77"]
[EventDate "2015.10.17"]
[EventType "team-tourn"]
[EventRounds "11"]
[EventCountry "SVK"]
[SourceTitle "CBM 169 Extra"]
[Source "ChessBase"]
[SourceDate "2015.12.18"]
[SourceVersion "1"]
[SourceVersionDate "2015.12.18"]
[SourceQuality "1"]
[WhiteTeam "Liptovska Stiavnica"]
[BlackTeam "Filakovo"]
[WhiteTeamCountry "SVK"]
[BlackTeamCountry "SVK"]

1. e4 e5 2. Nf3 Nc6 3. Bc4 Bc5 4. 0-0 Nf6 5. d4 Bxd4 6. Nxd4 Nxd4 7. f4 d6 8. fxe5 dxe5 9. Bg5 Be6 10. Na3 Qe7 11. c3 Nc6 12. Bxf6 gxf6 13. Kh1 Rg8 14. Bb3 Rg6 15. Nc2 Qc5 16. Qd3 Rd8 17. Qe2 Bg4 18. Qe1 Ne7 19. Ne3 Be6 20. Qe2 Qc6 21. Bc2 a5 22. Rf2 Qb6 23. a3 c6 24. Bd3 Nc8 25. Raf1 Ke7 26. Bc4 Nd6 27. Bxe6 Kxe6 28. Ng4 Ne8 29. Qc4+ Ke7 30. Nxe5 Rg7 31. Nf3 Qe3 32. Nd4 Nd6 33. Qc5 Ke8 34. Re2 Qd3 35. Rfe1 Qc4 36. Qh5 Kf8 37. e5 fxe5 38. Qxe5 f5 39. Qf6+ 1-0

[Event "SVK-chT2C 1516"]
[Site "Slovakia"]
[Date "2015.11.07"]
[Round "3.2"]
[White "Szamos, Alexander"]
[Black "Hros, Roman"]
[Result "1/2-1/2"]
[WhiteElo "2147"]
[BlackElo "2147"]
[PlyCount "106"]
[EventDate "2015.10.17"]
[EventType "team-tourn"]
[EventRounds "11"]
[EventCountry "SVK"]
[SourceTitle "CBM 169 Extra"]
[Source "ChessBase"]
[SourceDate "2015.12.18"]
[SourceVersion "1"]
[SourceVersionDate "2015.12.18"]
[SourceQuality "1"]
[WhiteTeam "Filakovo"]
[BlackTeam "Liptov Chess School III"]
[WhiteTeamCountry "SVK"]
[BlackTeamCountry "SVK"]

1. Nf3 c5 2. c4 Nf6 3. Nc3 e6 4. g3 b6 5. Bg2 Bb7 6. 0-0 Be7 7. b3 0-0 8. Bb2 a6 9. Re1 d6 10. e4 Nbd7 11. d4 cxd4 12. Nxd4 Qc7 13. Qd2 Rfe8 14. Rad1 Rad8 15. Qe2 Qb8 16. Rd2 h6 17. f3 Nf8 18. Red1 Ng6 19. Kh1 d5 20. cxd5 exd5 21. Nf5 Bf8 22. Qf2 dxe4 23. Rxd8 Rxd8 24. Rxd8 Qxd8 25. fxe4 Ne5 26. Qd4 Qxd4 27. Nxd4 Nd3 28. e5 Bxg2+ 29. Kxg2 Nxe5 30. Bc1 Bb4 31. Bd2 Kf8 32. Nc2 Bd6 33. Be3 Bc5 34. b4 Bxe3 35. Nxe3 g6 36. Ned5 Nxd5 37. Nxd5 Nd7 38. Kf3 f5 39. Ke3 Kf7 40. Kd4 g5 41. a4 a5 42. bxa5 bxa5 43. Ne3 Kf6 44. Nc4 f4 45. gxf4 gxf4 46. Nxa5 Nb6 47. Nc4 Nxa4 48. Ke4 Kg5 49. Ne5 Nc5+ 50. Kf3 Ne6 51. Nf7+ Kg6 52. Nd6 Kf6 53. h4 h5 1/2-1/2

[Event "SVK-chT2C 1415"]
[Site "Slovakia"]
[Date "2015.03.08"]
[Round "11.1"]
[White "Adamko, Peter"]
[Black "Szamos, Alexander"]
[Result "1/2-1/2"]
[WhiteElo "2086"]
[BlackElo "2192"]
[PlyCount "74"]
[EventDate "2014.10.11"]
[EventType "team-tourn"]
[EventRounds "11"]
[EventCountry "SVK"]
[SourceTitle "EXT 2016"]
[Source "ChessBase"]
[SourceDate "2015.10.08"]
[SourceVersion "1"]
[SourceVersionDate "2015.10.08"]
[SourceQuality "1"]
[WhiteTeam "Cadca Caissa II"]
[BlackTeam "Filakovo"]
[WhiteTeamCountry "SVK"]
[BlackTeamCountry "SVK"]

1. e4 c6 2. d4 d5 3. exd5 cxd5 4. c4 Nf6 5. Nc3 e6 6. Nf3 Be7 7. Bg5 0-0 8. cxd5 Nxd5 9. Bxe7 Qxe7 10. Bd3 Nc6 11. 0-0 Nxc3 12. bxc3 b6 13. Re1 Rd8 14. Qc2 g6 15. Qd2 Bb7 16. Qh6 Qf8 17. Qh4 Rac8 18. Ng5 Qg7 19. Re3 Nxd4 20. Rae1 Nf5 21. Bxf5 exf5 22. Re7 Bd5 23. Rxa7 Rc4 24. Ne4 g5 25. Qxg5 Qxg5 26. Nxg5 Rg4 27. f4 Rxg2+ 28. Kf1 Rg4 29. Ree7 Rxf4+ 30. Ke2 Rf8 31. Ke3 Rh4 32. Re5 Bc4 33. Rxf5 Rxh2 34. a4 h6 35. Nf3 Re2+ 36. Kf4 Be6 37. Rb5 Rc8 1/2-1/2

[Event "SVK-chT2C 1415"]
[Site "Slovakia"]
[Date "2014.12.07"]
[Round "6.2"]
[White "Holeczy, Martin"]
[Black "Szamos, Alexander"]
[Result "0-1"]
[WhiteElo "2041"]
[BlackElo "2192"]
[PlyCount "94"]
[EventDate "2014.10.11"]
[EventType "team-tourn"]
[EventRounds "11"]
[EventCountry "SVK"]
[SourceTitle "EXT 2016"]
[Source "ChessBase"]
[SourceDate "2015.10.08"]
[SourceVersion "1"]
[SourceVersionDate "2015.10.08"]
[SourceQuality "1"]
[WhiteTeam "Banska Bystrica Veza"]
[BlackTeam "Filakovo"]
[WhiteTeamCountry "SVK"]
[BlackTeamCountry "SVK"]

1. d4 Nf6 2. c4 e6 3. Nc3 d5 4. Bg5 Be7 5. e3 0-0 6. Nf3 b6 7. Rc1 Bb7 8. cxd5 exd5 9. Bd3 Nbd7 10. 0-0 c6 11. Ne5 Nxe5 12. dxe5 Nd7 13. Bf4 Re8 14. Bg3 Nf8 15. Qe2 f6 16. f4 Qd7 17. Rfd1 Rad8 18. Kh1 Bc8 19. e4 d4 20. Bc4+ Kh8 21. Bf7 fxe5 22. fxe5 Bg5 23. Bxe8 Qxe8 24. Rc2 dxc3 25. Rxc3 Rxd1+ 26. Qxd1 c5 27. h3 Ne6 28. Rf3 Nd4 29. Rf1 Be6 30. b4 Bxa2 31. bxc5 bxc5 32. Qg4 h6 33. Ra1 Be6 34. Qd1 Qd7 35. h4 Bd8 36. Qf1 Kg8 37. Qa6 Bb6 38. Rf1 Qc6 39. Qd3 c4 40. Qa3 Qxe4 41. Qf8+ Kh7 42. h5 Qg4 43. Bh2 Qxh5 44. Qf4 c3 45. Qe4+ Qg6 46. Qa8 Ne2 47. Rf8 Qb1+ 0-1

[Event "SVK-chT1E 1415"]
[Site "Slovakia"]
[Date "2014.11.30"]
[Round "4.4"]
[White "Szamos, Alexander"]
[Black "Balazs, Ladislav"]
[Result "1-0"]
[WhiteElo "2192"]
[BlackElo "2003"]
[PlyCount "47"]
[EventDate "2014.10.18"]
[EventType "team-tourn"]
[EventRounds "11"]
[EventCountry "SVK"]
[SourceTitle "EXT 2016"]
[Source "ChessBase"]
[SourceDate "2015.10.08"]
[SourceVersion "1"]
[SourceVersionDate "2015.10.08"]
[SourceQuality "1"]
[WhiteTeam "Banska Bystrica CVC"]
[BlackTeam "Kosice Slavia"]
[WhiteTeamCountry "SVK"]
[BlackTeamCountry "SVK"]

1. c4 e5 2. Nc3 Nf6 3. g3 Bc5 4. Bg2 c6 5. e4 d6 6. Nf3 0-0 7. 0-0 Be6 8. b3 Qd7 9. Bb2 Bh3 10. d4 Bxg2 11. Kxg2 exd4 12. Nxd4 Na6 13. Re1 Nc7 14. Qd3 Rae8 15. Rad1 Ne6 16. Nf5 Ng4 17. Na4 Bxf2 18. Re2 b5 19. Qf3 bxa4 20. Rxd6 Qc7 21. Qxg4 h5 22. Qxh5 Bc5 23. Nxg7 Nxg7 24. Bxg7 1-0

[Event "SVK-chT1E 1314"]
[Site "Slovakia"]
[Date "2014.03.23"]
[Round "11.6"]
[White "Szamos, Alexander"]
[Black "Vyparina, Matej"]
[Result "1/2-1/2"]
[WhiteElo "2207"]
[BlackElo "2277"]
[PlyCount "23"]
[EventDate "2013.10.12"]
[EventType "team-tourn"]
[EventRounds "11"]
[EventCountry "SVK"]
[SourceTitle "EXT 2015"]
[Source "ChessBase"]
[SourceDate "2014.11.20"]
[SourceVersion "1"]
[SourceVersionDate "2014.11.20"]
[SourceQuality "1"]
[WhiteTeam "Filakovo"]
[BlackTeam "Dolny Kubin"]
[WhiteTeamCountry "SVK"]
[BlackTeamCountry "SVK"]

1. Nf3 Nf6 2. c4 g6 3. Nc3 Bg7 4. g3 0-0 5. Bg2 d6 6. d4 c6 7. 0-0 Qa5 8. Qc2 Qh5 9. e4 Bh3 10. Ne2 e5 11. dxe5 dxe5 12. Bxh3 1/2-1/2

[Event "SVK-chT1E 1314"]
[Site "Slovakia"]
[Date "2014.03.22"]
[Round "10.5"]
[White "Palecek, Peter"]
[Black "Szamos, Alexander"]
[Result "1/2-1/2"]
[WhiteElo "2212"]
[BlackElo "2207"]
[PlyCount "44"]
[EventDate "2013.10.12"]
[EventType "team-tourn"]
[EventRounds "11"]
[EventCountry "SVK"]
[SourceTitle "EXT 2015"]
[Source "ChessBase"]
[SourceDate "2014.11.20"]
[SourceVersion "1"]
[SourceVersionDate "2014.11.20"]
[SourceQuality "1"]
[WhiteTeam "Liptov Chess School"]
[BlackTeam "Filakovo"]
[WhiteTeamCountry "SVK"]
[BlackTeamCountry "SVK"]

1. e4 c6 2. Nc3 d5 3. Nf3 Bg4 4. h3 Bxf3 5. Qxf3 e6 6. d3 Qb6 7. Nd1 Nd7 8. c3 Ngf6 9. exd5 cxd5 10. d4 Bd6 11. Ne3 0-0 12. Be2 Rfe8 13. 0-0 Rad8 14. Bd3 e5 15. Nxd5 Nxd5 16. Qxd5 exd4 17. cxd4 Nf6 18. Qb3 Qxd4 19. Bc4 Re7 20. Be3 Qe5 21. g3 Qh5 22. Kg2 Ne4 1/2-1/2